| 000 | 00887nam a2200265 a 4500 | ||
|---|---|---|---|
| 999 |
_c5937 _d5937 |
||
| 001 | 5937 | ||
| 003 | BD-JhCC | ||
| 005 | 20210408134018.0 | ||
| 008 | 171230s2017 bg a|||| ||a| 00| 0 ben d | ||
| 035 | _a(BD-JhCC)5937 | ||
| 040 |
_aBD-JhCC _dBD-JhCC |
||
| 041 | _aeng | ||
| 082 |
_a613.2 _bRAH 2017 |
||
| 100 | _aরহমান, মোঃ জোবায়দুর | ||
| 245 |
_aডায়েট ও পুষ্টি / _bমোঃ জোবায়দুর রহমান; এ. কে. এম সাইফুল্লাহ |
||
| 260 |
_aঢাকা : _bশরীফ প্রিন্টং প্রেস, _c2017. |
||
| 300 |
_a196 p. : _bills; _c20 cm. |
||
| 650 | _aDiet | ||
| 650 | _afood hygiene | ||
| 650 | _aNutrition | ||
| 650 | _anutritional value | ||
| 700 | _aসাইফুল্লাহ, এ. কে. এম | ||
| 942 |
_2ddc _cBK _06 |
||